Delba práce

Podrobná bibliografia
Hlavný autor: Mihálik, Vojtech, 1926-2001 (Autor)
Médium: Článok
Jazyk:slovenčina
Predmet:

MARC

LEADER 00000nab a2200000 a 4500
001 vtls000078933
003 SK-MaSNL
005 20260303031745.0
008 111031c1980 xo 0 slo
015 |a SNBRA19rr/mm-uuuuu 
035 |a CL0089034 
040 |a SNKBUCL  |b slo  |c SNKBUCL  |e AACR2 
041 0 |a slo 
044 |a xo  |c SK 
080 |a 885.4-1  |2 1981 
100 1 |a Mihálik, Vojtech,  |d 1926-2001  |4 aut  |9 13821 
245 1 0 |a Delba práce  |c Vojtech Mihálik 
500 |a Cyklus obsahuje Mihálikove epigramy s názvami: Deľba práce, O kritike, O pravde, Portrét, Quod licet..., Rodisko V. Turčányho, Sebaepigram, Slovák na cestách, Telefonát z redakcie, Umelecké zväzy. 
650 0 7 |a epigramy  |2 snkbucl  |9 75613 
655 7 |a články zo zborníkov  |2 snkbucl  |9 166140 
655 7 |a články z odboru literárna veda a krásna literatúra  |2 snkbucl  |9 770045 
773 0 |t Rudolf Chmel: Žihadlice  |d Bratislava : Slovenský spisovateľ, 1980 
850 |a Slovenská národná knižnica v Martine  |a MTA001 
852 |a SNK  |b KIS3GCP 
958 |a RK 
958 |a LX 
992 |a RZB 
999 |c 1660029  |d 1661959